|
|
|
|
| LEADER |
01586nam a2200301 a 4500 |
| 001 |
0020238 |
| 003 |
BD-DhAAL |
| 008 |
930407s1994 nyua b 001 0 eng d |
| 010 |
|
|
|a \\\93015704
|
| 020 |
|
|
|a 0024208116
|
| 040 |
|
|
|a DLC
|c DLC
|d DLC
|d BD-DhAAL
|
| 082 |
0 |
0 |
|a 551.46
|2 20
|
| 100 |
1 |
|
|a Thurman, Harold V.
|9 9338
|
| 245 |
1 |
0 |
|a Introductory oceanography /
|c Harold V. Thurman.
|
| 250 |
|
|
|a Seventh edition.
|
| 260 |
|
|
|a New York :
|b Macmillan Pub. Co. ;
|a Toronto :
|b Maxwell Macmillan Canada ;
|a New York :
|b Maxwell Macmillan International,
|c c1994.
|
| 300 |
|
|
|a xvi, 550 p. :
|b ill. (some col.) ;
|c 29 cm
|
| 504 |
|
|
|a Includes bibliographical references and index.
|
| 526 |
|
|
|a EEE
|
| 541 |
1 |
|
|e 0020238, 0020239
|a Trim Education
|
| 650 |
|
0 |
|a Oceanography.
|
| 852 |
4 |
|
|a Ayesha Abed Library
|c General Stacks
|
| 942 |
|
|
|2 ddc
|c BK
|
| 999 |
|
|
|c 8582
|d 8582
|
| 952 |
|
|
|0 0
|1 0
|2 ddc
|4 0
|6 551_460000000000000_THU_1994
|7 0
|9 10207
|a BRACUL
|b BRACUL
|c GEN
|d 2010-05-16
|e Trim Education
|g 7550.00
|l 1
|m 10
|o 551.46 THU
|p 3010020239
|r 2019-05-22
|s 2019-03-12
|t 2
|v 15100.00
|w 2010-05-16
|y BK
|
| 952 |
|
|
|0 0
|1 0
|2 ddc
|4 0
|6 551_460000000000000_THU_1994
|7 0
|9 10208
|a BRACUL
|b BRACUL
|c GEN
|d 2010-05-16
|e Trim Education
|g 7550.00
|l 1
|m 6
|o 551.46 THU
|p 3010020238
|r 2019-03-27
|s 2019-02-07
|t 1
|v 15100.00
|w 2010-05-16
|y BK
|
| 952 |
|
|
|0 0
|1 0
|2 ddc
|4 0
|6 551_460000000000000_THU_1994
|7 0
|9 10801
|a BRACUL
|b BRACUL
|c GEN
|d 2010-06-09
|l 0
|o 551.46 THU
|p 3010020408
|r 2010-06-09
|t 3
|w 2010-06-09
|y BK
|
| 952 |
|
|
|0 0
|1 0
|2 ddc
|4 0
|6 551_460000000000000_THU_1994
|7 0
|9 10802
|a BRACUL
|b BRACUL
|c GEN
|d 2010-06-09
|l 0
|o 551.46 THU
|p 3010020409
|r 2010-06-09
|t 4
|w 2010-06-09
|y BK
|